000 00980nam a2200253Ia 4500
003 OSt
005 20220923215115.0
006 a|||||r|||| 00| 0
007 ta
008 220922b |||||||| |||| 00| 0 hin d
024 _a175,640
037 _cTextual
040 _aARTS
_cARTS
_bhin
041 _2hin
_ahin
082 _aO152,1xL, L6
100 _aशुक्ल, हरि प्रसाद गजानन, हरीश
_9163617
245 0 _aगुर्जर जैन कवियों की देन
246 _aGurjar jain kaviyoan kī dena
260 _aमथुरा
_b जवाहर पुस्तकालय
_c1976
490 _aजैन गुर्जर कवियों की हिन्दी कविता
650 _aहिन्दी साहित्य
_9156264
942 _hO152,1xL, L6
_cTEXL
_2CC
999 _c329344
_d329344